000 00743nam a2200253Ia 4500
003 OSt
005 20220928104954.0
006 a|||||r|||| 00| 0
007 ta
008 220927b |||||||| |||| 00| 0 hin d
020 _cINR 695.00
024 _a139981
037 _b037, 16/02/2019, Rupa Prkashan
_cTextual
040 _aSDCL
_cSDCL
_bhin
041 _2hin
_ahin
082 _aO152,3M911,2, Q8
100 _aKaushik Pandit Vishambharnath Sharma
_9413129
245 0 _aMaa
260 _aDelhi
_bBimla
_c2018
300 _a320p.
_ccm.
650 _aHindi
_9391598
942 _hO152,3M911,2, Q8
_cTEXL
_2CC
999 _c728888
_d728888